| 000 | 00488nam a22001697a 4500 | ||
|---|---|---|---|
| 003 | OSt | ||
| 005 | 20260202083157.0 | ||
| 008 | 260202b |||||||| |||| 00| 0 eng d | ||
| 020 | _a0-345-33766-2 | ||
| 040 |
_aDWCL-Main Lib _cOC |
||
| 082 | _aFic. R495 1976 | ||
| 100 | _aRig, Ann | ||
| 245 | _aInterview with the vampire : book 1 of the vampire chronicles | ||
| 260 |
_aToronto : _b The Random House Publishing Group, _cc1976 |
||
| 300 |
_a342 p. ; _c 21 cm. |
||
| 942 |
_2ddc _cFIC. _mFic. _n0 |
||
| 999 |
_c8138 _d8138 |
||